Welcome to CU Library Online Public Access Catalogue (OPAC)

Learning to live with osteoarthritis. (Record no. 4062)

MARC details
000 -LEADER
fixed length control field 00668nam a2200217 a 4500
001 - CONTROL NUMBER
control field 1390090
005 - DATE AND TIME OF LATEST TRANSACTION
control field 20250221192157.0
008 - FIXED-LENGTH DATA ELEMENTS--GENERAL INFORMATION
fixed length control field 820825s1983 maua 000 0 eng
020 ## - INTERNATIONAL STANDARD BOOK NUMBER
Terms of availability $3.00 (pbk.)
050 00 - LIBRARY OF CONGRESS CALL NUMBER
Classification number RC931.O67
Item number L43 1983
082 00 - DEWEY DECIMAL CLASSIFICATION NUMBER
Classification number 616.7/22
Edition information 19
245 00 - TITLE STATEMENT
Title Learning to live with osteoarthritis.
260 ## - PUBLICATION, DISTRIBUTION, ETC.
Place of publication, distribution, etc. Boston, Mass. (65 Franklin St., Boston 02110) :
Name of publisher, distributor, etc. MIPI,
Date of publication, distribution, etc. 1983.
300 ## - PHYSICAL DESCRIPTION
Extent 62 p. :
Other physical details ill. ;
Dimensions 23 cm.
440 #0 - SERIES STATEMENT/ADDED ENTRY--TITLE
Title Patient information books
650 #0 - SUBJECT ADDED ENTRY--TOPICAL TERM
Topical term or geographic name entry element Osteoarthritis.
650 #0 - SUBJECT ADDED ENTRY--TOPICAL TERM
Topical term or geographic name entry element Osteoarthritis
General subdivision Patients
-- Rehabilitation.
650 #0 - SUBJECT ADDED ENTRY--TOPICAL TERM
Topical term or geographic name entry element Exercise therapy.
710 2# - ADDED ENTRY--CORPORATE NAME
Corporate name or jurisdiction name as entry element Medicine in the Public Interest, inc.
942 ## - ADDED ENTRY ELEMENTS (KOHA)
Source of classification or shelving scheme Library of Congress Classification
Koha item type Books
Suppress in OPAC No
999 ## -
-- 4062
-- 4062
Holdings
Withdrawn status Lost status Source of classification or shelving scheme Damaged status Not for loan Collection Home library Current library Shelving location Date acquired Total checkouts Full call number Barcode Date last seen Copy number Price effective from Koha item type
    Library of Congress Classification     Non-fiction Science Library (Miotso) Science Library (Miotso) General stacks 02/21/2025   RC931 .O67L43 LEA SLM00003523 02/21/2025 1 02/21/2025 Books
© 2023-2024 Copyright: Central University Libraries. All Rights Reserved | Created by: Mahone Tech Office